RADICAL POLITICAL ECONOMY A CONCISE INTR (Record no. 271)
[ view plain ]
| 000 -LEADER | |
|---|---|
| fixed length control field | 00339nam a2200133Ia 4500 |
| 008 - FIXED-LENGTH DATA ELEMENTS--GENERAL INFORMATION | |
| fixed length control field | 240624s9999 xx 000 0 und d |
| 041 ## - LANGUAGE CODE | |
| Language code of text/sound track or separate title | eng |
| 082 ## - DEWEY DECIMAL CLASSIFICATION NUMBER | |
| Classification number | 335 BAR |
| 100 ## - MAIN ENTRY--PERSONAL NAME | |
| Personal name | BARONE CHARLES A |
| 245 ## - TITLE STATEMENT | |
| Title | RADICAL POLITICAL ECONOMY A CONCISE INTR |
| 260 ## - PUBLICATION, DISTRIBUTION, ETC. | |
| Date of publication, distribution, etc. | 2004 |
| Place of publication, distribution, etc. | New Delhi |
| Name of publisher, distributor, etc. | Prentice-Hall of India |
| 300 ## - PHYSICAL DESCRIPTION | |
| Extent | xi, : 176 |
| 365 ## - TRADE PRICE | |
| Currency code | RS |
| Withdrawn status | Lost status | Damaged status | Not for loan | Home library | Current library | Shelving location | Date acquired | Source of acquisition | Cost, normal purchase price | Total Checkouts | Total Renewals | Full call number | Barcode | Date last seen | Date last checked out | Copy number | Price effective from | Koha item type |
|---|---|---|---|---|---|---|---|---|---|---|---|---|---|---|---|---|---|---|
| IMTN | IMTN | Rack 12-B | 11/03/2004 | JBD | 95.00 | 1 | 1 | 335 BAR | 271 | 09/30/2024 | 07/13/2024 | 1 | 06/24/2024 | Books |